Ligapokal-Sieger - Statistiken

Allgemein
  • Dieses Quiz wurde 33 mal gespielt
  • Das Durchschnittsergebnis liegt bei 11 aus 12
Antwortstatistiken
Jahr Sieger % Korrekt
1997 Bayern München
100%
1998 Bayern München
100%
1999 Bayern München
100%
2000 Bayern München
100%
2004 Bayern München
100%
2007 Bayern München
100%
2005 FC Schalke 04
86%
2006 Werder Bremen
86%
1973 Hamburger SV
82%
2003 Hamburger SV
82%
2001 Hertha BSC
57%
2002 Hertha BSC
57%
Keine übereinstimmenden Quizze gefunden
Verteilung der Resultate
Anzahl Personen mit jedem Resultat
Perzentil nach korrekt beantworteten Fragen
Ihre Resultats-Entwicklung
Sie haben dieses Quiz noch nicht gespielt